Music Quiz

Random Music or Album Quiz

Neon Trees Pop Psychology Songs Quiz Stats

 Plays Quiz not verified by Sporcle

Challenge
Share
Tweet
Embed
Score 0/10 Timer 06:00
0 Plays Today
Song % Correct
Love in the 21st Century
92.9%
Text Me In the Morning
92.9%
I Love You (But I Hate Your Friends)
89.3%
Unavoidable
89.3%
First Things First
89.3%
Sleeping With a Friend
85.7%
Voices in the Halls
85.7%
Teenager in Love
82.1%
Living in Another World
75%
Foolish Behavior
60.7%

You're not logged in!

Compare scores with friends on all Sporcle quizzes.
Join for Free
OR
Log In

You Might Also Like...

Show Comments

Extras

Top Quizzes Today


Score Distribution

Your Account Isn't Verified!

In order to create a playlist on Sporcle, you need to verify the email address you used during registration. Go to your Sporcle Settings to finish the process.

Report this User

Report this user for behavior that violates our Community Guidelines.

Details: